| 000 | 00723nam a2200217Ia 4500 | ||
|---|---|---|---|
| 001 | 8685 | ||
| 003 | GE_BSU | ||
| 008 | 181216s||||||||xx |||||||||||||| ||und|| | ||
| 040 | _cGE_BSU | ||
| 080 | _a821.353.1-32 | ||
| 100 | _aიოსელიანი,ოტია. | ||
| 245 | _aრჩეული ორ ტომად; ნოველები ტ.1 | ||
| 245 | _bნოველები | ||
| 245 | _cრედ:ნაილი იაშვილი;მხატვ:დავით დუნდუა | ||
| 260 | _aთბილისი. | ||
| 260 | _bსაბჭ.საქართველო | ||
| 260 | _c1981. | ||
| 300 | _a673გვ;ილ;20სმ | ||
| 653 | _aნოველები | ||
| 942 | _cBK | ||
| 999 |
_c41999 _d41999 |
||